00413nam a2200157Ia 450000500170000000800410001702000150005808200130007310000200008624500560010626000390016230000190020165000080022065000130022865000140024120240902012430.0240331s9999 xx 000 0 und d a8646299116 bGOOa792 aGoonewardene, S 0aThis total art :bperceptions of Sri Lankan theatre aMurrumbeenabLantana Publishingc  axxiv, 247 p ., aArt a Theatre aPolitical